LIBRARY & INFORMATION CENTRE, KCAET, TAVANUR

ONLINE PUBLIC ACCESS CATALOGUE (OPAC)

Water works engineering / (Record no. 1435)

MARC details
000 -LEADER
fixed length control field 00401cam a2200157ua 4500
020 ## - INTERNATIONAL STANDARD BOOK NUMBER
ISBN 9788120321533
082 ## - DEWEY DECIMAL CLASSIFICATION NUMBER
Classification number 627
Item number QAS/WA
100 ## - MAIN ENTRY--AUTHOR NAME
Personal name Qasim, Syed R .
245 ## - TITLE STATEMENT
Title Water works engineering /
250 ## - EDITION STATEMENT
Edition statement 1 /
260 ## - PUBLICATION, DISTRIBUTION, ETC. (IMPRINT)
Place of publication New Delhi :
Name of publisher Prentice Hall of India Pvt Ltd. ,
Year of publication 2002.
300 ## - PHYSICAL DESCRIPTION
Number of Pages 844 ; .
700 1# - ADDED ENTRY--PERSONAL NAME
Personal name Motley, Edward M .
700 1# - ADDED ENTRY--PERSONAL NAME
Personal name Zhu, Guang .
942 ## - ADDED ENTRY ELEMENTS (KOHA)
Koha item type Books
Holdings
Withdrawn status Lost status Damaged status Collection code Home library Current library Shelving location Date acquired Source of acquisition Cost, normal purchase price Full call number Accession Number Koha item type
        KAUAET KAUAET General Stacks 30/03/2013 Aman Book Stall, Calicut 495.00 627 QAS/WA 24147 Books
      Non-fiction KAUAET KAUAET Scheme 17/03/2014   325.00 627 QAS/WA 20759 Book Bank scheme for SC students
free website counter